| 000 | 00899nam0a2200277 4500 | ||
|---|---|---|---|
| 001 | RU\NLR\ONL1\1551 | ||
| 005 | 20250613113454.0 | ||
| 035 | _a(NLR Aleph) 009630309 | ||
| 090 |
_a9489191 _c9489191 |
||
| 100 | _a20030530d2002 |||y0rusy50 ca | ||
| 101 | 0 | _akrl | |
| 102 | _aRU | ||
| 105 | _aa ||||||||| | ||
| 200 | 1 |
_aPiäsköin korgevus _eRunot lapsile _f[Худож. Л. Сабаева] |
|
| 210 |
_aPetroskoi _cPeriodika _d2002 |
||
| 215 |
_a22,[1] с. _cил. _d20 |
||
| 541 | 1 |
_6z01790 _aЛасточкина высота _eСтихи для детей: На ливвик. диалекте _zrus |
|
| 686 | 1 | _aШ9(2)6=Карел-5 | |
| 700 | 1 |
_aMišina _bO. _gOl'ga _4070 |
|
| 790 | 1 |
_6z01541 _aМишина _bО. _gОльга _4070 |
|
| 801 | 0 |
_aRU _bNLR _c20030530 _gPSBO |
|
| 852 |
_aNLR _bОНЛ _jКарел./2-170 |
||
| 942 | _cBOOK | ||
| 980 | _aNB | ||